00485nam a2200181Ia 450000500170000000800410001702000230005804000190008104100120010008200150011210000240012724500590015126000330021030000100024365000190025365100210027285000100029320240320103017.0131103s9999 xx 000 0 und d a8170239710cRs. 25 aLoreto College aEnglish a420.7bBED aBeddoe Ann Patricia aNew radiant readers work book viicPatricia Ann Beddoe aNew DelhibAllied pub.c2001 a54p.  aEnglish method aEnglish language aLCBED